ბათუმის შოთა რუსთაველის სახელმწიფო უნივერსიტეტის ბიბლიოთეკა

საგაზეთო ფელეტონის იუმორის ეპოქალურ-კულტურული არსი და კვლევის ლინგვოკულტუროლოგიური პერსპექტივა (ქართული და ინგლისური საგაზეთო ფელეტონების მასალაზე) / (ბიბ.ჩანაწერი № 56582)

000 -ლიდერი
ფიქსირებული სიგრძის საკონტროლო ველი 01941nam a2200241Ia 4500
001 - საკონტროლო ნომერი
საკონტროლო ველი 23696
003 - საკონტროლო ნომრის იდენტიფიკატორი
საკონტროლო ველი GE_BSU
005 - ბოლო ოპერაციის თარიღი და დრო
საკონტროლო ველი 20210324180640.0
008 - ფიქსირებული სიგრძის მონაცემთა ელემენტები - ზოგადი ინფორმაცია
ფიქსირებული სიგრძის საკონტროლო ველი 181216s2018||||ge |||||||||||||| ||geo||
040 ## - კატალოგიზაციის წყარო
Transcribing agency GE_BSU
041 ## - ენის კოდი
Language code of text/sound track or separate title geo
080 ## - უნივერსალური ათობითი კლასიფიკაციის ინდექსი
Universal Decimal Classification number 81 მ-36
100 ## - მთავარი ჩანაწერი - პიროვნების სახელი
Personal name მახარაძე, მერი
9 (RLIN) 10735
245 ## - ცნობა სათაურის შესახებ
Title საგაზეთო ფელეტონის იუმორის ეპოქალურ-კულტურული არსი და კვლევის ლინგვოკულტუროლოგიური პერსპექტივა (ქართული და ინგლისური საგაზეთო ფელეტონების მასალაზე) /
Statement of responsibility, etc მერი მახარაძე; სამეცნ. ხელმძღვანელი თ. შავლაძე; ბათუმის შოთა რუსთაველის სახ-ფო უნ-ტი. ჰუმანიტარულ მეცნიერებათა ფაკ-ტ. ევროპეისტიკის დეპარტამენტი
264 ## - წარმოების, გამოცემის, დისტრიბუციის და სხვა ცნობები
გამოცემის, წარმოების, დისტრიბუციის... ადგილი ბათუმი,
გამოცემის, წარმოების, დისტრიბუციის... თარიღი 2018.
300 ## - ფიზიკური აღწერა
Extent 147 გვ.
Other physical details 30 სმ.
300 ## - ფიზიკური აღწერა
Accompanying material ბიბლ. გვ.:117-123. დანართი გვ.:124-147
653 ## - INDEX TERM--UNCONTROLLED
Uncontrolled term ლინგვისტიკა
653 ## - INDEX TERM--UNCONTROLLED
Uncontrolled term დისერტაცია
653 ## - INDEX TERM--UNCONTROLLED
Uncontrolled term საგაზეთო ფელეტონის იუმორის ეპოქალურ-კულტურული არსი და კვლევის ლინგვოკულტუროლოგიური პერსპექტივა (ქართული და ინგლისური საგაზეთო ფელეტონების მასალაზე)
700 ## - ADDED ENTRY--PERSONAL NAME
Personal name შავლაძე, თ.
Relator term სამეცნ. ხელმძღვანელი
9 (RLIN) 10736
942 ## - ADDED ENTRY ELEMENTS (KOHA)
Koha item type წიგნი
Source of classification or shelving scheme
ეგზემპლარები
ჩამოწერის სტატუსი დაკარგული ეგზემპლარის სტატუსი კლასიფიკაციის წყარო ან თაროზე გაწყობის სქემა დაზიანების სტატუსი არ გაიცემა მუდმივი მდებარეობა (დაცვის ადგილი) ამჟამინდელი ადგილსამყოფელი თაროზე განთავსების ადგილი შეძენის თარიღი სრული შენახვის შიფრი შტრიხკოდი ბოლო ოპერაციის თარიღი ეგზემპლარის მიმდევრობითი ნომერი (კეტერი?) ფასის ძალაში შესვლის თარიღი ეგზემპლარის სახეობა საჯარო შენიშვნა
          ბათუმის შოთა რუსთაველის სახელმწიფო უნივერსიტეტის მთავარი ბიბლიოთეკა ბათუმის შოთა რუსთაველის სახელმწიფო უნივერსიტეტის მთავარი ბიბლიოთეკა წიგნსაცავი 2018-12-17 81 მ-36 309 დისერტ. 2018-12-17 309 2018-12-17 დისერტაცია